000 00441nam a2200133Ia 4500
008 170221s9999 xx 000 0 und d
100 _aVaishali Khatri
245 _aFollowing an International Copyright Regime at a Large National Cost: Is It Worth It?
245 _cVaishali Khatri
260 _c2013
300 _a7 :
650 _xBusiness
856 _uhttp://digitalcommons.pepperdine.edu/cgi/viewcontent.cgi?article=1089&context=jbel
999 _c313341
_d313341